000 00328nam a22001457a 4500
003 OSt
005 20160727222352.0
008 160622b xxu||||| |||| 00| 0 eng d
040 _cTEST
100 _9428
_aRawls, W,
245 _aSummer of the Monkeys
260 _aN.Y
_bDELL
300 _aSummer of the Monkeys
942 _2ddc
_cBK
999 _c349
_d349